عيون الأخبار / (Record no. 16225)
[ view plain ]
| 000 -الفاتح | |
|---|---|
| حقل البيانات ثابتة الطول | 01242nam a22001937a 4500 |
| 008 - عناصر البيانات ثابتة الطول - معلومات عامة | |
| حقل البيانات ثابتة الطول | 111117s1963 ua|||||| ||| 00| 0ara d |
| 082 ## - رقم تصنيف ديوى العشرى | |
| رقم الطبعة | 22 |
| رقم التصنيف | 212 |
| رقم المادة | ق ت ي |
| 100 ## - المدخل الرئيسى - إسم شخصى | |
| 9 (RLIN) | 27779 |
| الإسم الشخصى | ابن قتيبة ، |
| الشكل الأكمل للاسم | أبي محمد عبد الله بن مسلم بن قتيبة الدينوري |
| 245 ## - بيان العنوان | |
| العنوان | عيون الأخبار / |
| بيان المسئوليه,etc | تأليف أبي محمد عبد الله بن مسلم بن قتيبة الدينوري |
| 260 ## - PUBLICATION, DISTRIBUTION, ETC. (IMPRINT) | |
| مكان الناشر او الموزع | [القاهرة] : |
| اسم الناشر او الموزع | المؤسسة المصرية العامة للتأليف والترجمة والطباعة و النشر ، 1963 |
| تاريخ النشر أو التوزيع | 1963 |
| 300 ## - الوصف المادى | |
| التعداد | 2 مج ؛ |
| أبعاد الوعاء | 22 سم |
| 500 ## - تبصرة عامة | |
| تبصرة عامة | يشتمل على كشافات |
| 505 ## - تبصرة محتويات-الفهرس | |
| تبصرة المحتويات المصاغة | مج.1، كتاب السلطان - كتاب الحرب - كتاب السؤدد -- مج3 ، كتاب الإخوان - كتاب الحوائج - كتاب الطعام |
| 650 ## - المدخل الاضافى بالموضوع-مصطلح موضوعى | |
| 9 (RLIN) | 15836 |
| مصطلح موضوعي أو اسم جغرافي كعنصر مدخل | الأخلاق الإسلامية |
| 653 ## - مصطلح تكشيفى غير مقيد | |
| Resource For college | |
| Arrived date list | November2011 |
| 942 ## - عناصر المدخل الإضافي( كوها) | |
| مصدر التصنيف او مخطط الترفيف | Dewey Decimal Classification |
| Koha [default] item type | Book - Borrowing |
| حالة التراجع | حالة الفقد | مصدر التصنيف او خطة الترفيف | حالة تلف | ليس للاعارة | مجموعات كوها | المكان الدائم | المكان الحالي | موقع الترفيف | تاريخ الاكتساب | Source of acquisition | رقم الاستدعاء | الباركود | Date last seen | نوع الوعاء | تبصرة عامة |
|---|---|---|---|---|---|---|---|---|---|---|---|---|---|---|---|
| Dewey Decimal Classification | Alef-Baa | Central Library | Central Library | Lower Floor | 17/11/2011 | 212 ق ت ي | 000025672 | 15/07/2025 | Book - Borrowing | مج. 3-4 | |||||
| Dewey Decimal Classification | Alef-Baa | Central Library | Central Library | Lower Floor | 17/11/2011 | 212 ق ت ي | 000025679 | 15/07/2025 | Book - Borrowing | مج 1-2 |